Chicago 'L' Subway - Pink Line - Statistics

General Stats
  • This quiz has been taken 24 times
    21 since last reset
  • The average score is 16 of 21
Answer Stats
Answer % Correct
Clark/Lake
92%
Clinton
92%
Pulaski
92%
Quincy
92%
Western
92%
54th/Cermak
83%
Ashland
83%
California
83%
Cicero
83%
Kedzie
83%
Washington/Wabash
83%
Damen
75%
Morgan
75%
18th
67%
Central Park
67%
Harold Washington Library-State/Van Buren
67%
Kostner
67%
LaSalle/Van Buren
58%
State/Lake
58%
Washington/Wells
58%
Polk
42%
No matching quizzes found
Score Distribution
Percent of People with Each Score
Percentile by Number Answered
Your Score History
You have not taken this quiz since the last reset